MARC

LEADER 00000nam0a2200000 4500
001 325623
005 20231102003800.0
035 |a (RuTPU)RU\TPU\book\351238 
090 |a 325623 
100 |a 20161208d1887 m y0rusy50 ca 
101 0 |a rus 
102 |a RU 
105 |a a z 001zy 
200 1 |a Свойства материи  |e пер. с англ.  |f П. Дж. Тэт  |g пер. под ред. И. М. Сыченова 
210 |a Санкт-Петербург  |c Издание Л. Ф. Пантелеева  |d 1887 
215 |a 340 с.  |c ил. 
316 |5 63413507: 85//135  |a Владельческий переплет "Е. О. К." 
316 |5 63413507: 85//135  |a Штамп-экслибрис "Библиотеки Егорьевского Общественного Клуба" 
320 |a Алф. указ.: с. 337-340 
606 1 |a Западноевропейская философия  |x История  |2 stltpush  |3 (RuTPU)RU\TPU\subj\67547  |9 83304 
610 1 |a философские взгляды 
610 1 |a философские аспекты 
610 1 |a натурфилософия 
610 1 |a субстанция 
610 1 |a материя 
610 1 |a пространство 
610 1 |a время 
610 1 |a движение 
610 1 |a инерция 
610 1 |a подвижность 
610 1 |a тяготение 
610 1 |a сжимаемость 
610 1 |a сжимаемые жидкости 
610 1 |a сжимаемые газы 
610 1 |a сцепление 
610 1 |a диффузия 
610 1 |a владельческие знаки 
686 |a Ю3(4)  |v LBC/SL-A  |2 rubbk 
700 1 |a Тэт  |b П. Дж. 
702 1 |a Сыченов  |b И. М.  |4 730 
801 1 |a RU  |b 63413507  |c 20161208 
942 |c BK